[Event "RUS-ChT L1"]
[Site "Sochi RUS"]
[Date "2008.04.03"]
[Round "1"]
[White "Airapetian, Gor"]
[Black "Pokazanjev, Nikolai"]
[Result "0-1"]
[WhiteElo "2318"]
[BlackElo "2405"]
[EventDate "2008.04.03"]
[PlyCount "102"]

1.e4 e5 2.Nf3 Nc6 3.Bb5 a6 4.Ba4 Nf6 5.O-O Be7 6.Re1 b5 7.Bb3 d6 8.c3 O-O 
9.h3 Nb8 10.d4 Nbd7 11.Nbd2 Bb7 12.Bc2 c5 13.d5 c4 14.Nf1 Qc7 15.Ng3 Rfb8 
16.Nf5 Bf8 17.Nh2 Bc8 18.Qf3 a5 19.Bg5 Ne8 20.Ng4 f6 21.Be3 Nc5 22.Qg3 Kh8
23.f4 b4 24.Qf2 bxc3 25.bxc3 Nd3 26.Bxd3 cxd3 27.Qd2 Qc4 28.Nf2 Ba6 29.Ng3
Nc7 30.Red1 Nb5 31.Nxd3 Nxc3 32.Nb2 Qb4 33.Rdc1 Nxe4 34.Nxe4 Qxe4 35.Nd1 
Kg8 36.Nf2 Qb4 37.Rc7 Qxd2 38.Bxd2 Rb5 39.Rac1 Rxd5 40.Be3 Rb5 41.R1c2 d5 
42.Rd7 d4 43.Bd2 Bc8 44.Rd8 Bb7 45.Rd7 a4 46.fxe5 fxe5 47.Rdc7 Bd5 48.Bh6 
gxh6 49.Ng4 Ra6 50.Rc8 h5 51.Nxe5 Be6 0-1

[Event "RUS-ChT L1"]
[Site "Sochi RUS"]
[Date "2008.04.03"]
[Round "1"]
[White "Aveskulov, Valeriy"]
[Black "Klimov, Sergey"]
[Result "0-1"]
[WhiteElo "2532"]
[BlackElo "2483"]
[EventDate "2008.04.03"]
[PlyCount "100"]

1.e4 c5 2.Nf3 d6 3.d4 cxd4 4.Nxd4 Nf6 5.Nc3 Nc6 6.Bg5 e6 7.Qd2 a6 8.O-O-O 
Bd7 9.f4 b5 10.Bxf6 gxf6 11.Kb1 Qb6 12.Nxc6 Bxc6 13.f5 Qc5 14.Bd3 a5 15.
fxe6 fxe6 16.Qe2 b4 17.Nd5 O-O-O 18.Nxf6 h5 19.g4 hxg4 20.Nxg4 Bg7 21.Qe3 
Qxe3 22.Nxe3 Rh4 23.Nc4 a4 24.Rhg1 Bh8 25.Rg6 Kd7 26.Na5 Ba8 27.Bc4 Rxe4 
28.Bb5+ Kc7 29.Bd3 Rd4 30.Nc4 d5 31.Ne3 e5 32.Rdg1 Rh4 33.Ra6 e4 34.Bb5 
Bd4 35.Rg3 Rxh2 36.Nf1 Rh1 37.c3 bxc3 38.bxc3 Be5 39.Rgg6 Rb8 40.Ra7+ Rb7 
41.Rxb7+ Bxb7 42.Kb2 Rh3 43.Rg5 Bxc3+ 44.Kc2 d4 45.Bxa4 Ba6 46.Bb5 Bxb5 
47.Rxb5 Rf3 48.Rb1 Ba5 49.a4 d3+ 50.Kb3 e3 0-1

[Event "RUS-ChT L1"]
[Site "Sochi RUS"]
[Date "2008.04.03"]
[Round "1"]
[White "Batsanin, Dmitry"]
[Black "Papin, Vasily"]
[Result "0-1"]
[WhiteElo "2474"]
[BlackElo "2475"]
[EventDate "2008.04.03"]
[PlyCount "90"]

1.e4 c5 2.Nf3 e6 3.c3 Nf6 4.e5 Nd5 5.d4 cxd4 6.cxd4 d6 7.a3 Bd7 8.Bd3 Bc6 
9.O-O Nd7 10.b4 a6 11.Re1 Rc8 12.Bg5 Be7 13.Bxe7 Qxe7 14.Nbd2 O-O 15.Rc1 
dxe5 16.dxe5 Nf4 17.Bf1 Rfd8 18.Qb3 Ng6 19.Qb2 Nb6 20.g3 h6 21.h4 Qd7 22.
Ne4 Na4 23.Qa1 Bd5 24.Bg2 Ne7 25.Rxc8 Rxc8 26.Nd6 Rc3 27.Nd4 Bxg2 28.Kxg2 
Nc8 29.Ne2 Rc6 30.Nxc8 Rxc8 31.Qd1 Qc6+ 32.Kg1 Nb2 33.Qd4 Nc4 34.Rc1 b5 
35.Nf4 Qa8 36.Qc3 Rd8 37.Re1 Rd2 38.Ng2 Ra2 39.Nf4 Qa7 40.Qf3 Rxa3 41.Qc6 
Rxg3+ 42.Ng2 Rd3 43.Nf4 Rd4 44.Nh5 Rg4+ 45.Kf1 Qd4 0-1

[Event "RUS-ChT L1"]
[Site "Sochi RUS"]
[Date "2008.04.03"]
[Round "1"]
[White "Burmakin, Vladimir"]
[Black "Anisimov, Pavel"]
[Result "1/2-1/2"]
[WhiteElo "2611"]
[BlackElo "2485"]
[EventDate "2008.04.03"]
[PlyCount "46"]

1.Nf3 Nf6 2.c4 e6 3.g3 a6 4.b3 c5 5.Bg2 b5 6.Nc3 Qb6 7.e3 Bb7 8.Qe2 Bc6 9.
O-O Be7 10.d4 O-O 11.Rd1 d6 12.Bb2 Nbd7 13.d5 exd5 14.cxd5 Bb7 15.Nh4 Rfe8
16.Nf5 Bf8 17.g4 b4 18.Na4 Qb5 19.Bf1 Qxe2 20.Bxe2 g6 21.Ng3 Rab8 22.Bxf6 
Nxf6 23.Nb6 Ba8 1/2-1/2

[Event "RUS-ChT L1"]
[Site "Sochi RUS"]
[Date "2008.04.03"]
[Round "1"]
[White "Chernyshov, Konstantin"]
[Black "Kalugin, Sergei"]
[Result "1-0"]
[WhiteElo "2543"]
[BlackElo "2457"]
[EventDate "2008.04.03"]
[PlyCount "113"]

1.e4 c5 2.Nc3 Nc6 3.f4 e6 4.Nf3 d5 5.Bb5 Ne7 6.O-O a6 7.Be2 dxe4 8.Nxe4 
Nf5 9.c3 Be7 10.d3 O-O 11.g4 Nh6 12.Ne5 Qc7 13.Nxc6 Qxc6 14.Bf3 Qc7 15.Ng3
Rd8 16.Qe2 f5 17.gxf5 exf5 18.Bd2 Bf8 19.Rae1 Kh8 20.c4 Bd7 21.Bc3 Bc6 22.
Bxc6 Qxc6 23.Qf3 Qd7 24.Nh5 Qf7 25.h3 Rd6 26.Rf2 Rad8 27.Re3 Rg6+ 28.Kf1 
b5 29.b3 bxc4 30.dxc4 Ng8 31.Rg2 Ne7 32.Rxg6 hxg6 33.Ng3 Ng8 34.Rd3 Be7 
35.Rxd8 Bxd8 36.Qc6 Bh4 37.Ne2 g5 38.Qxc5 Ne7 39.Qe3 Ng6 40.Qf3 Nxf4 41.
Nxf4 gxf4 42.Be5 Bf6 43.Bxf4 Kh7 44.c5 g5 45.Be3 Kg6 46.c6 Bd8 47.h4 gxh4 
48.Qg2+ Kh7 49.Bf4 Bc7 50.Qg5 Bxf4 51.Qxf4 Qd5 52.c7 Qd1+ 53.Kg2 h3+ 54.
Kh2 Qc2+ 55.Kxh3 Qd3+ 56.Kh4 Qd7 57.Kg5 1-0

[Event "RUS-ChT L1"]
[Site "Sochi RUS"]
[Date "2008.04.03"]
[Round "1"]
[White "Danin, Alexandre"]
[Black "Shimanov, Alexandr"]
[Result "1/2-1/2"]
[WhiteElo "2480"]
[BlackElo "2441"]
[EventDate "2008.04.03"]
[PlyCount "152"]

1.e4 c6 2.d4 d5 3.exd5 cxd5 4.c4 Nf6 5.Nc3 e6 6.Nf3 Bb4 7.cxd5 Nxd5 8.Qc2 
Nc6 9.Bd3 Be7 10.a3 Nf6 11.O-O O-O 12.Be3 Bd7 13.Rad1 Qc7 14.Rfe1 g6 15.
Bg5 Qd8 16.Qd2 Re8 17.Bb1 Nd5 18.Bxe7 Rxe7 19.Ba2 Nxc3 20.bxc3 Qa5 21.Qh6 
Qxa3 22.d5 Qxa2 23.d6 Qa3 24.dxe7 Qxe7 25.Ng5 f5 26.Qxh7+ Qxh7 27.Nxh7 Bc8
28.Ng5 e5 29.Rd6 Kg7 30.Nf3 e4 31.Nd4 Ne5 32.f3 Nd3 33.Re2 Nc5 34.Rd8 b6 
35.fxe4 Nxe4 36.Nb5 a5 37.Nc7 Rb8 38.Nd5 a4 39.Re1 Kf7 40.Nb4 Ra8 41.Na2 
b5 42.Rb1 Ke7 43.Rh8 Nd6 44.Re1+ Kf6 45.Rd1 Nf7 46.Rf8 Ke7 47.Rg8 Kf6 48.
Rb1 Nd6 49.Rd8 Ke7 50.Rh8 Bb7 51.Rh7+ Ke6 52.Rc7 Rc8 53.Rxc8 Bxc8 54.Kf2 
Ke5 55.Ke2 f4 56.Re1 Bb7 57.g3 f3+ 58.Ke3 g5 59.Nb4 g4 60.Nd3+ Kd5 61.Rd1 
Ne4 62.Nf2+ Ke5 63.Nxg4+ Kf5 64.Nf2 Nxc3 65.Rc1 b4 66.Nd3 Nd5+ 67.Kxf3 b3 
68.Ke2 Ba6 69.Kd2 Bxd3 70.Kxd3 a3 71.Kc4 b2 72.Rf1+ Kg4 73.Kb3 Ne3 74.Rb1 
Kh3 75.Kxa3 Kxh2 76.Rxb2+ Kxg3 1/2-1/2

[Event "RUS-ChT L1"]
[Site "Sochi RUS"]
[Date "2008.04.03"]
[Round "1"]
[White "Dashibalov, Erdem"]
[Black "Abashev, Denis"]
[Result "1/2-1/2"]
[WhiteElo "2408"]
[BlackElo "2442"]
[EventDate "2008.04.03"]
[PlyCount "63"]

1.d4 Nf6 2.c4 g6 3.g3 Bg7 4.Bg2 O-O 5.Nc3 d6 6.Nf3 Nbd7 7.O-O e5 8.e4 c6 
9.b3 Re8 10.h3 a6 11.Be3 b5 12.dxe5 dxe5 13.Qc2 Qe7 14.Nd2 Bb7 15.a3 Nc5 
16.cxb5 cxb5 17.Nd5 Nxd5 18.Bxc5 Rac8 19.b4 Nb6 20.Rac1 Qe6 21.Qb3 Bh6 22.
Qxe6 Rxe6 23.Rcd1 Na4 24.Nb3 Nc3 25.Rd6 Bxe4 26.Bxe4 Nxe4 27.Rxe6 fxe6 28.
Re1 Nd2 29.Nxd2 Bxd2 30.Rd1 Bc3 31.Rd6 Bd4 32.Rxa6 1/2-1/2

[Event "RUS-ChT L1"]
[Site "Sochi RUS"]
[Date "2008.04.03"]
[Round "1"]
[White "Genba, Vladimir"]
[Black "Moiseenko, Vladimir1"]
[Result "1/2-1/2"]
[WhiteElo "2429"]
[BlackElo "2409"]
[EventDate "2008.04.03"]
[PlyCount "66"]

1.e4 e6 2.d4 d5 3.Nc3 Bb4 4.Ne2 dxe4 5.a3 Be7 6.Nxe4 Nf6 7.Qd3 Nbd7 8.Bf4 
Nxe4 9.Qxe4 Nf6 10.Qf3 Nd5 11.Be5 Bf6 12.Qg3 c5 13.O-O-O cxd4 14.Rxd4 O-O 
15.c4 Bxe5 16.Qxe5 Qf6 17.Qxf6 Nxf6 18.Nc3 Bd7 19.Be2 Bc6 20.f3 Rfd8 21.
Rhd1 Rxd4 22.Rxd4 Kf8 23.b4 b6 24.Kb2 Ke7 25.Kb3 g5 26.a4 a5 27.Nb5 axb4 
28.Kxb4 Nd7 29.Rd2 Nc5 30.Bd1 Na6+ 31.Kc3 Nc5 32.Kb4 Na6+ 33.Kc3 Nc5 
1/2-1/2

[Event "RUS-ChT L1"]
[Site "Sochi RUS"]
[Date "2008.04.03"]
[Round "1"]
[White "Glushko, Andrey"]
[Black "Potapov, Alexey"]
[Result "0-1"]
[WhiteElo "2312"]
[BlackElo "2320"]
[EventDate "2008.04.03"]
[PlyCount "150"]

1.d4 Nf6 2.Nf3 g6 3.g3 Bg7 4.Bg2 O-O 5.O-O d6 6.Nbd2 c6 7.b3 a5 8.Bb2 a4 
9.c4 Qa5 10.Qc2 b5 11.b4 Qa6 12.c5 a3 13.Bc3 Nd5 14.e4 Nxc3 15.Qxc3 Qa4 
16.e5 dxc5 17.Qxc5 Na6 18.Qxe7 Qxb4 19.Qh4 f5 20.Rab1 Qa5 21.Ng5 h6 22.
Bxc6 Qxd2 23.Nf3 Qxa2 24.Bxa8 g5 25.Nxg5 hxg5 26.Qxg5 b4 27.h4 Qe6 28.h5 
Kh7 29.Qe3 Bd7 30.Bb7 Rb8 31.Qf3 Qb6 32.Bd5 Be6 33.Rbc1 Bxd5 34.Qxd5 Rd8 
35.Qf7 b3 36.Qg6+ Qxg6 37.hxg6+ Kg8 38.Rc6 Nb4 39.Rc3 Rxd4 40.Rxb3 a2 41.
Ra1 Bxe5 42.Rxb4 Rxb4 43.Rxa2 Kg7 44.Ra5 Kf6 45.Ra6+ Ke7 46.Kg2 Rg4 47.Kf3
Bd6 48.Ra7+ Ke6 49.g7 Be5 50.Ra6+ Kf7 51.Ra7+ Kf6 52.Ke2 Bd6 53.Rd7 Be7 
54.Kf3 Ke6 55.Rd4 Rxg7 56.g4 Ke5 57.Rf4 fxg4+ 58.Rxg4 Rf7+ 59.Kg3 Bd6 60.
Kg2 Bc5 61.f3 Kf5 62.Rc4 Be3 63.Kg3 Rg7+ 64.Rg4 Bf4+ 65.Kh3 Rb7 66.Rh4 Rb1
67.Rh5+ Kg6 68.Ra5 Rg1 69.Kh4 Kf6 70.Ra8 Bd6 71.Ra6 Ke5 72.Ra4 Kf5 73.Ra5+
Be5 74.Kh3 Rg7 75.Ra3 Rg3+ 0-1

[Event "RUS-ChT L1"]
[Site "Sochi RUS"]
[Date "2008.04.03"]
[Round "1"]
[White "Grishchenko, Sergey"]
[Black "Bachin, Vitaly"]
[Result "1/2-1/2"]
[WhiteElo "2390"]
[BlackElo "2488"]
[EventDate "2008.04.03"]
[PlyCount "42"]

1.d4 d6 2.c4 e5 3.Nf3 e4 4.Ng1 f5 5.Nh3 Be7 6.Nc3 c6 7.Nf4 Nf6 8.e3 Na6 9.
Be2 Nc7 10.Qb3 O-O 11.O-O Qe8 12.Nh3 h6 13.f3 b6 14.Qc2 Qg6 15.Bd2 Bd7 16.
Kh1 Ne6 17.d5 Nc7 18.Nf4 Qh7 19.fxe4 fxe4 20.dxc6 Bxc6 21.Ncd5 Ncxd5 
1/2-1/2

[Event "RUS-ChT L1"]
[Site "Sochi RUS"]
[Date "2008.04.03"]
[Round "1"]
[White "Gutov, Andrey"]
[Black "Tseshkovsky, Vitaly"]
[Result "1-0"]
[WhiteElo "2467"]
[BlackElo "2504"]
[EventDate "2008.04.03"]
[PlyCount "77"]

1.d4 d6 2.Nf3 g6 3.c4 Bg7 4.Nc3 Bg4 5.e3 Nd7 6.Be2 c5 7.h3 Bxf3 8.Bxf3 Rb8
9.d5 a6 10.a4 Ngf6 11.Be2 O-O 12.g4 Nb6 13.g5 Nfd7 14.h4 Re8 15.h5 e6 16.
hxg6 hxg6 17.dxe6 Rxe6 18.f4 a5 19.Kf2 Qe7 20.Qf1 Re8 21.Qh3 Re4 22.Bd2 
Rxc4 23.Bxc4 Nxc4 24.Nd5 Qe6 25.Bc3 Qxh3 26.Rxh3 Bxc3 27.bxc3 Kg7 28.Rah1 
Rg8 29.Ne7 Nf8 30.e4 d5 31.f5 gxf5 32.exf5 f6 33.g6 Nd6 34.Ke3 b6 35.Kf4 
b5 36.axb5 a4 37.b6 a3 38.Nxg8 Kxg8 39.b7 1-0

[Event "RUS-ChT L1"]
[Site "Sochi RUS"]
[Date "2008.04.03"]
[Round "1"]
[White "Ivanov, Alexey2"]
[Black "Deviatkin, Andrei"]
[Result "1/2-1/2"]
[WhiteElo "2418"]
[BlackElo "2543"]
[EventDate "2008.04.03"]
[PlyCount "36"]

1.e4 e5 2.Nf3 Nc6 3.Bb5 Nf6 4.d3 d6 5.c3 Bd7 6.O-O g6 7.Re1 Bg7 8.Nbd2 O-O
9.Ba4 Rb8 10.Nf1 h6 11.Ng3 b5 12.Bb3 Na5 13.Bc2 c5 14.d4 Qc7 15.h3 Rfc8 
16.Re2 b4 17.cxb4 cxb4 18.b3 Bb5 1/2-1/2

[Event "RUS-ChT L1"]
[Site "Sochi RUS"]
[Date "2008.04.03"]
[Round "1"]
[White "Kovalenko, Igor"]
[Black "Belikov, Vladimir"]
[Result "1/2-1/2"]
[WhiteElo "2450"]
[BlackElo "2553"]
[EventDate "2008.04.03"]
[PlyCount "38"]

1.d4 Nf6 2.c4 e6 3.Nc3 Bb4 4.e3 O-O 5.Bd3 d5 6.Nf3 c5 7.O-O Nc6 8.a3 Bxc3 
9.bxc3 dxc4 10.Bxc4 Qc7 11.Bb2 e5 12.h3 Bf5 13.Qe2 e4 14.Nd2 Bg6 15.Bb5 
Rad8 16.Rfc1 h6 17.Bxc6 Qxc6 18.c4 Rfe8 19.Nb3 Nd7 1/2-1/2

[Event "RUS-ChT L1"]
[Site "Sochi RUS"]
[Date "2008.04.03"]
[Round "1"]
[White "Kravchenko, Vladimir V"]
[Black "Karpov, Alexander"]
[Result "1/2-1/2"]
[WhiteElo "2436"]
[BlackElo "2323"]
[EventDate "2008.04.03"]
[PlyCount "77"]

1.d4 d5 2.c4 c6 3.cxd5 cxd5 4.Nc3 Nf6 5.Bf4 Nc6 6.e3 Bf5 7.Qb3 Qb6 8.Qxb6 
axb6 9.Nf3 e6 10.Bb5 Bb4 11.Ne5 Ne4 12.Nxc6 bxc6 13.Bxc6+ Ke7 14.Bxa8 Nxc3
15.Bb7 Na4+ 16.Ke2 Nxb2 17.Rhc1 Bd3+ 18.Kf3 Nc4 19.Kg3 f6 20.e4 g5 21.Be3 
Bd6+ 22.Kh3 h5 23.e5 g4+ 24.Kh4 fxe5 25.Rc3 e4 26.h3 g3 27.Bg5+ Kf7 28.f4 
Rg8 29.Rd1 Be2 30.Re1 Bd3 31.Rd1 Kg6 32.Kxg3 h4+ 33.Kxh4 Ne3 34.Rcxd3 exd3
35.Rxd3 Nxg2+ 36.Kg3 Bxf4+ 37.Kxg2 Kxg5 38.Rb3 Kf5+ 39.Kf3 1/2-1/2

[Event "RUS-ChT L1"]
[Site "Sochi RUS"]
[Date "2008.04.03"]
[Round "1"]
[White "Krutko, Anatoly"]
[Black "Sjugirov, Sanan"]
[Result "0-1"]
[WhiteElo "2451"]
[BlackElo "2491"]
[EventDate "2008.04.03"]
[PlyCount "94"]

1.Nf3 d5 2.d4 Nf6 3.c4 e6 4.Bg5 c6 5.e3 Nbd7 6.Nc3 Be7 7.Qc2 O-O 8.Rd1 b6 
9.Bd3 h6 10.Bh4 Bb7 11.O-O Rc8 12.cxd5 Nxd5 13.Bxe7 Qxe7 14.Nxd5 exd5 15.
Bh7+ Kh8 16.Bf5 Rc7 17.Rc1 Nf6 18.a3 Bc8 19.Bd3 Ne8 20.Qa4 Nd6 21.Rc3 Bd7 
22.Ne5 Rfc8 23.Ba6 Ra8 24.Nxd7 Qxd7 25.Bd3 a5 26.Qc2 a4 27.Rc1 Qe6 28.Qe2 
Qd7 29.Qc2 Qe6 30.Qe2 Qe8 31.Qc2 Qe6 32.b3 c5 33.dxc5 bxc5 34.Qb1 Qc8 35.
bxa4 c4 36.Bc2 Rb7 37.Qa1 Rab8 38.Bd1 Ne4 39.R3c2 Nc5 40.Qc3 Rb3 41.Qd4 
Nd3 42.Ra1 Rb1 43.Rca2 Qa6 44.Qc3 Qxa4 45.Qd2 R8b2 46.Rxb2 Rxa1 47.Rc2 Nb2
0-1

[Event "RUS-ChT L1"]
[Site "Sochi RUS"]
[Date "2008.04.03"]
[Round "1"]
[White "Levin, Evgeny A"]
[Black "Belov, Vladimir"]
[Result "1/2-1/2"]
[WhiteElo "2440"]
[BlackElo "2578"]
[EventDate "2008.04.03"]
[PlyCount "54"]

1.d4 d5 2.c4 c6 3.Nc3 Nf6 4.e3 e6 5.Bd2 Bd6 6.Rc1 O-O 7.cxd5 exd5 8.Bd3 
Bg4 9.Nge2 Bh5 10.f3 Re8 11.O-O c5 12.Nf4 cxd4 13.exd4 Nc6 14.Nfe2 Qb8 15.
g3 Qd8 16.Bg5 Be7 17.Nf4 Bg6 18.Bxg6 hxg6 19.Re1 Qd7 20.Kg2 Nh5 21.Nh3 
Bxg5 22.Nxg5 Rxe1 23.Qxe1 Re8 24.Qd2 Qd8 25.Nh3 Nf6 26.Nf2 Re7 27.h3 Nh7 
1/2-1/2

[Event "RUS-ChT L1"]
[Site "Sochi RUS"]
[Date "2008.04.03"]
[Round "1"]
[White "Lintchevski, Daniil"]
[Black "Kryakvin, Dmitry"]
[Result "1/2-1/2"]
[WhiteElo "2440"]
[BlackElo "2535"]
[EventDate "2008.04.03"]
[PlyCount "91"]

1.e4 c5 2.Nf3 d6 3.d4 cxd4 4.Nxd4 Nf6 5.Nc3 Nc6 6.Bg5 e6 7.Qd2 Be7 8.O-O-O
O-O 9.f3 Nxd4 10.Qxd4 a6 11.h4 b5 12.Kb1 Qc7 13.Qd2 Bb7 14.Bd3 Rfd8 15.Ne2
e5 16.Bxf6 Bxf6 17.g4 d5 18.Ng3 dxe4 19.Nxe4 Be7 20.g5 Qb6 21.Qh2 Qe6 22.
h5 Bxe4 23.Bxe4 Rxd1+ 24.Rxd1 Rd8 25.Rxd8+ Bxd8 26.g6 hxg6 27.hxg6 fxg6 
28.Qd2 Qb6 29.a3 Qd4 30.Qg2 Qd6 31.Qg4 a5 32.Bd3 b4 33.axb4 axb4 34.Ka2 
Bf6 35.Qxg6 Qd5+ 36.Kb1 Kf8 37.Qf5 Ke7 38.Qc8 b3 39.Qc7+ Kf8 40.Qb8+ Ke7 
41.Qa7+ Kd8 42.Qb6+ Ke7 43.Qa6 bxc2+ 44.Kxc2 Qd6 45.Qa4 Qc5+ 46.Kb1 
1/2-1/2

[Event "RUS-ChT L1"]
[Site "Sochi RUS"]
[Date "2008.04.03"]
[Round "1"]
[White "Meshkov, Yuri A"]
[Black "Babiy, Anatoly"]
[Result "1/2-1/2"]
[WhiteElo "2406"]
[BlackElo "2452"]
[EventDate "2008.04.03"]
[PlyCount "67"]

1.c4 c5 2.g3 Nf6 3.Bg2 e6 4.Nf3 Nc6 5.O-O Be7 6.d4 cxd4 7.Nxd4 a6 8.Nc3 
Qc7 9.b3 O-O 10.Bb2 d6 11.Rc1 Ne5 12.Qd2 Re8 13.Rfd1 Bd7 14.Rc2 Rac8 15.e3
Qb8 16.a4 Red8 17.Ba3 Be8 18.Qc1 Nc6 19.Nce2 Bf8 20.Qa1 Qc7 21.Rcd2 Qb6 
22.Qb2 Na5 23.Rb1 h6 24.Rdd1 Nc6 25.Qc3 Qc7 26.Qa1 Nd7 27.Bb2 Nc5 28.Bc3 
Ne5 29.a5 Nc6 30.Qa2 Nd7 31.Rbc1 Nde5 32.h3 Be7 33.Qa1 Bf8 34.f4 1/2-1/2

[Event "RUS-ChT L1"]
[Site "Sochi RUS"]
[Date "2008.04.03"]
[Round "1"]
[White "Mozharov, Mikhail"]
[Black "Chuprov, Dmitry"]
[Result "0-1"]
[WhiteElo "2434"]
[BlackElo "2596"]
[EventDate "2008.04.03"]
[PlyCount "140"]

1.d4 Nf6 2.c4 g6 3.Nc3 Bg7 4.e4 d6 5.Be2 O-O 6.Bg5 Na6 7.f4 c6 8.Nf3 Nc7 
9.d5 cxd5 10.cxd5 Na6 11.Nd2 Bd7 12.Bh4 Rc8 13.Bf2 Nc5 14.O-O e6 15.dxe6 
Bxe6 16.Kh1 Re8 17.f5 gxf5 18.exf5 Bd7 19.Bh4 Bc6 20.Bf3 d5 21.Nb3 Nxb3 
22.Qxb3 d4 23.Rad1 Bxf3 24.gxf3 Qd7 25.Bxf6 Bxf6 26.Ne4 Be5 27.Rg1+ Kh8 
28.Ng5 Rc7 29.Rc1 Rf8 30.Rxc7 Bxc7 31.Qd3 Qd6 32.Rg2 Qf6 33.Ne4 Qe5 34.Qd2
Qf4 35.Qxd4+ Be5 36.Qd5 Rc8 37.Ng3 Rc1+ 38.Rg1 Rxg1+ 39.Kxg1 Qd4+ 40.Qxd4 
Bxd4+ 41.Kf1 Bxb2 42.Ne4 Kg7 43.Ke2 Be5 44.h3 b5 45.Ke3 a5 46.f4 Bb2 47.
Kd2 Ba3 48.Kc2 Be7 49.Nc3 b4 50.Nd5 Bd8 51.Kd3 Kh6 52.Ke3 Kh5 53.Kf3 Bh4 
54.Ke4 Be1 55.Nf6+ Kh6 56.Kd3 Bg3 57.Ke3 Bh4 58.Ne4 Be7 59.Ng3 Bd6 60.Ne4 
Be7 61.Ng3 a4 62.Kd3 Bd6 63.Ne4 Bxf4 64.Kc4 b3 65.axb3 a3 66.Nc3 Kg5 67.b4
Kh4 68.Kb3 Kxh3 69.Ne4 h5 70.Kxa3 Kh4 0-1

[Event "RUS-ChT L1"]
[Site "Sochi RUS"]
[Date "2008.04.03"]
[Round "1"]
[White "Neverov, Anatoly"]
[Black "Iskusnyh, Sergei"]
[Result "0-1"]
[WhiteElo "2389"]
[BlackElo "2478"]
[EventDate "2008.04.03"]
[PlyCount "108"]

1.e4 c5 2.Nf3 d6 3.Bc4 Nf6 4.e5 dxe5 5.Nxe5 e6 6.Qe2 Be7 7.O-O O-O 8.b3 
Nbd7 9.Bb2 Nxe5 10.Bxe5 Bd7 11.Rd1 Bc6 12.d4 Qa5 13.dxc5 Qxc5 14.Bd3 Rad8 
15.Nd2 b5 16.Bb2 Qh5 17.Qxh5 Nxh5 18.Be2 Nf4 19.Bf3 Rc8 20.Bxc6 Rxc6 21.c4
Rd8 22.Nf3 Rxd1+ 23.Rxd1 bxc4 24.Ne5 Ra6 25.Rd7 Bf6 26.Nxc4 Rxa2 27.g3 Ng6
28.Bxf6 gxf6 29.h4 h5 30.Rb7 f5 31.Kg2 f4 32.Kf3 fxg3 33.fxg3 Rc2 34.Rc7 
Rc3+ 35.Kg2 Rxb3 36.Rxa7 f5 37.Na5 Rd3 38.Rb7 Rd4 39.Rc7 Rd3 40.Rb7 Rd4 
41.Rc7 f4 42.gxf4 Rxf4 43.Kg3 Rxh4 44.Kf3 Nf4 45.Nc6 Nd5 46.Ra7 Rf4+ 47.
Kg3 Rg4+ 48.Kf3 Rf4+ 49.Kg3 Rg4+ 50.Kf3 Rg7 51.Ra4 Kh7 52.Ne5 Kh6 53.Ra6 
Nc7 54.Ra5 h4 0-1

[Event "RUS-ChT L1"]
[Site "Sochi RUS"]
[Date "2008.04.03"]
[Round "1"]
[White "Nevostrujev, Vladimir"]
[Black "Inants, Aghasi"]
[Result "1-0"]
[WhiteElo "2469"]
[BlackElo "2241"]
[EventDate "2008.04.03"]
[PlyCount "115"]

1.e4 c6 2.d4 d5 3.Nd2 dxe4 4.Nxe4 Bf5 5.Ng3 Bg6 6.h4 h6 7.Nf3 Nd7 8.h5 Bh7
9.Bd3 Bxd3 10.Qxd3 e6 11.Bd2 Ngf6 12.O-O-O Be7 13.Ne4 Nxe4 14.Qxe4 Nf6 15.
Qe2 Qd5 16.c4 Qe4 17.Qxe4 Nxe4 18.Be3 f5 19.d5 cxd5 20.cxd5 f4 21.Bd4 exd5
22.Bxg7 Rg8 23.Bd4 Rxg2 24.Rdg1 Rc8+ 25.Kb1 Nxf2 26.Rxg2 Nxh1 27.Rg6 Ng3 
28.Rxh6 Nf5 29.Rh8+ Kd7 30.Rxc8 Kxc8 31.Be5 Bd6 32.Bg7 Kd7 33.h6 Nxh6 34.
Bxh6 Ke6 35.Kc2 Kf5 36.Kd3 Kg4 37.Ke2 Kf5 38.Bg7 Bc5 39.Bc3 Be3 40.Kd3 Kg4
41.Ne5+ Kg3 42.a4 Bc5 43.b4 Bd6 44.Be1+ Kg2 45.Kd4 Kf1 46.Bc3 Bxe5+ 47.
Kxe5 Ke2 48.Bd4 Kd3 49.Kxd5 b6 50.b5 f3 51.a5 bxa5 52.Bxa7 a4 53.Bd4 a3 
54.b6 a2 55.b7 a1=Q 56.Bxa1 f2 57.b8=Q Ke2 58.Qb5+ 1-0

[Event "RUS-ChT L1"]
[Site "Sochi RUS"]
[Date "2008.04.03"]
[Round "1"]
[White "Nikitin, Andrey"]
[Black "Chuprikov, Dmitry"]
[Result "1-0"]
[WhiteElo "2471"]
[BlackElo "2433"]
[EventDate "2008.04.03"]
[PlyCount "70"]

1.d4 d5 2.c4 c6 3.Nf3 dxc4 4.e3 Be6 5.Nc3 b5 6.Be2 Nf6 7.O-O g6 8.Ng5 Bd7 
9.b3 h6 10.Nge4 Nxe4 11.Nxe4 cxb3 12.axb3 Bg7 13.Bd2 O-O 14.Ba5 Qc8 15.Rc1
Bf5 16.Ng3 Qd7 17.Bf3 Be6 18.Ne4 Rc8 19.Nc5 Qd6 20.Nxe6 fxe6 21.Be4 g5 22.
Qf3 a6 23.h4 gxh4 24.Qh3 Nd7 25.Bb4 Qxb4 26.Qxe6+ Kh8 27.Qxd7 Qd6 28.Qf5 
Kg8 29.Rc5 e6 30.Qh7+ Kf8 31.f4 Bxd4 32.Qxh6+ Bg7 33.Rf5+ Kg8 34.Rg5 Ra7 
35.Qh7+ Kf8 1-0

[Event "RUS-ChT L1"]
[Site "Sochi RUS"]
[Date "2008.04.03"]
[Round "1"]
[White "Pridorozhni, Aleksei"]
[Black "Shorokhov, Alexandr"]
[Result "1-0"]
[WhiteElo "2519"]
[BlackElo "2465"]
[EventDate "2008.04.03"]
[PlyCount "75"]

1.e4 c5 2.Nf3 d6 3.d4 cxd4 4.Nxd4 Nf6 5.Nc3 a6 6.Be2 Nc6 7.Be3 e6 8.O-O 
Be7 9.f4 O-O 10.Qe1 Qc7 11.Kh1 Bd7 12.Qg3 b5 13.a3 Rab8 14.Rad1 b4 15.axb4
Rxb4 16.Nxc6 Bxc6 17.Bd4 Qb7 18.b3 Bxe4 19.Nxe4 Qxe4 20.Bc3 Qxe2 21.Bxb4 
Qxc2 22.Qf3 Nd5 23.Rc1 Qa2 24.Rf2 Qxf2 25.Qxf2 Nxb4 26.Qa7 Bf6 27.Qb6 Nd3 
28.Rf1 d5 29.Qxa6 Nc5 30.Qb6 Ne4 31.b4 d4 32.Qc6 Nc3 33.Qc4 Rb8 34.g4 h6 
35.g5 hxg5 36.fxg5 Bxg5 37.Qxd4 Rc8 38.Qd7 1-0

[Event "RUS-ChT L1"]
[Site "Sochi RUS"]
[Date "2008.04.03"]
[Round "1"]
[White "Pushkarev, Dmitry"]
[Black "Sokolov, Dmitri"]
[Result "1-0"]
[WhiteElo "2363"]
[BlackElo "2403"]
[EventDate "2008.04.03"]
[PlyCount "49"]

1.e4 c5 2.Nf3 d6 3.d4 cxd4 4.Nxd4 Nf6 5.Nc3 g6 6.Be3 Bg7 7.f3 a6 8.Qd2 
Nbd7 9.g4 b5 10.O-O-O Bb7 11.h4 h5 12.g5 Nh7 13.f4 Nc5 14.Bg2 Qa5 15.e5 
Rc8 16.exd6 exd6 17.Bxb7 Nxb7 18.Qg2 Nc5 19.Nc6 Qc7 20.Bxc5 dxc5 21.Rhe1+ 
Kf8 22.Qd5 Bxc3 23.Qxc5+ Kg8 24.Qxc3 Qxc6 25.Rd8+ 1-0

[Event "RUS-ChT L1"]
[Site "Sochi RUS"]
[Date "2008.04.03"]
[Round "1"]
[White "Raetsky, Alexander"]
[Black "Maximov, Dmitry"]
[Result "1/2-1/2"]
[WhiteElo "2424"]
[BlackElo "2485"]
[EventDate "2008.04.03"]
[PlyCount "49"]

1.d4 Nf6 2.c4 g6 3.Nc3 Bg7 4.e4 d6 5.Be2 O-O 6.Bg5 c6 7.Nf3 a6 8.O-O b5 9.
a3 Nbd7 10.Re1 Bb7 11.e5 dxe5 12.Nxe5 Nxe5 13.dxe5 Nd7 14.e6 fxe6 15.Bg4 
Ne5 16.Bxe6+ Kh8 17.Re2 bxc4 18.Qxd8 Rfxd8 19.Na4 Bc8 20.Bxc8 Raxc8 21.h3 
Bf6 22.Bxf6+ exf6 23.f4 Nd3 24.Re4 Rb8 25.Rd1 1/2-1/2

[Event "RUS-ChT L1"]
[Site "Sochi RUS"]
[Date "2008.04.03"]
[Round "1"]
[White "Rodin, Dmitrij"]
[Black "Kostin, Alexey"]
[Result "1-0"]
[WhiteElo "2456"]
[BlackElo "2389"]
[EventDate "2008.04.03"]
[PlyCount "96"]

1.e4 e6 2.d4 d5 3.Nd2 c5 4.exd5 exd5 5.Bb5+ Nc6 6.Ngf3 Bd6 7.dxc5 Bxc5 8.
O-O Ne7 9.Nb3 Bd6 10.Bg5 O-O 11.Bh4 Bg4 12.Re1 Re8 13.c3 Qb6 14.Bxe7 Rxe7 
15.Qxd5 Bxf3 16.Qxd6 Rxe1+ 17.Rxe1 Qxb5 18.gxf3 h6 19.Qd7 Qg5+ 20.Kh1 Qf6 
21.Re8+ Rxe8 22.Qxe8+ Kh7 23.Qe4+ g6 24.Kg2 h5 25.f4 Qd6 26.f5 Qf6 27.
fxg6+ fxg6 28.f4 Qf7 29.h3 Qd7 30.Nd4 Nxd4 31.Qxd4 Qc6+ 32.Kg3 a6 33.a4 
Qh1 34.Kh4 Qe1+ 35.Kg5 Qg3+ 36.Kf6 Qxh3 37.Qd5 Qh4+ 38.Qg5 Qxg5+ 39.Kxg5 
b5 40.axb5 axb5 41.f5 Kg7 42.fxg6 h4 43.Kxh4 Kxg6 44.Kg4 Kf6 45.Kf4 Ke6 
46.Ke4 Kd6 47.Kd4 Kc6 48.Ke5 Kc5 1-0

[Event "RUS-ChT L1"]
[Site "Sochi RUS"]
[Date "2008.04.03"]
[Round "1"]
[White "Shuraev, Andrei"]
[Black "Venevtsev, Andrey"]
[Result "0-1"]
[WhiteElo "2409"]
[BlackElo "2178"]
[EventDate "2008.04.03"]
[PlyCount "84"]

1.c4 e5 2.Nc3 Nf6 3.g3 d5 4.cxd5 Nxd5 5.Bg2 Nb6 6.Nf3 Nc6 7.O-O Be7 8.d3 
O-O 9.a3 Be6 10.b4 a5 11.b5 Nd4 12.Rb1 f6 13.Nd2 Qc8 14.e3 Nf5 15.Qc2 Nd6 
16.Nde4 Nf7 17.Na4 Nxa4 18.Qxa4 Bh3 19.Qc4 Be6 20.Qc2 Rd8 21.Bb2 Bh3 22.
Rfc1 Bxg2 23.Kxg2 f5 24.Nd2 Bd6 25.Nc4 f4 26.exf4 exf4 27.Nxd6 f3+ 28.Kxf3
Ng5+ 29.Kg2 Qh3+ 30.Kh1 Rxd6 31.Qxc7 Rd7 32.Qc4+ Rf7 33.f4 Nf3 34.Qc2 Rd8 
35.Qe2 Rxd3 36.Rc7 Re3 37.Rc8+ Qxc8 38.Qxe3 Qc2 39.Qe8+ Rf8 40.Qe6+ Kh8 
41.Bxg7+ Kxg7 42.Qg4+ Kh8 0-1

[Event "RUS-ChT L1"]
[Site "Sochi RUS"]
[Date "2008.04.03"]
[Round "1"]
[White "Slugin, Sergey"]
[Black "Vokarev, Sergey"]
[Result "0-1"]
[WhiteElo "2402"]
[BlackElo "2503"]
[EventDate "2008.04.03"]
[PlyCount "112"]

1.d4 c6 2.c4 d5 3.Nf3 Nf6 4.Qb3 dxc4 5.Qxc4 Bf5 6.g3 e6 7.Bg2 Be7 8.O-O 
O-O 9.Nc3 Nbd7 10.Re1 Ne4 11.Qb3 Qb6 12.Nh4 Bxh4 13.gxh4 Ndf6 14.f3 Nxc3 
15.bxc3 Qc7 16.e4 Bg6 17.c4 Nh5 18.a4 Rad8 19.Ba3 Rfe8 20.Qe3 Rd7 21.Red1 
Qd8 22.Qf2 Nf4 23.Bf1 Bh5 24.Bb4 f5 25.e5 Ng6 26.Bd6 Nxh4 27.Rd3 f4 28.Rb3
Nf5 29.c5 Ne3 30.Bd3 Bg6 31.Be4 Rf7 32.Kh1 Bxe4 33.fxe4 Qg5 34.Qf3 h6 35.
Rab1 Qh4 36.R3b2 Rd8 37.Qf2 Qh5 38.Qe2 Qh3 39.Rg1 Kh7 40.Rb3 g5 41.d5 cxd5
42.exd5 Qf5 43.Qd3 Qxd3 44.Rxd3 Nxd5 45.Rb1 Ne3 46.Kg1 Kg6 47.a5 a6 48.
Rdb3 Rdd7 49.Rc1 Nf5 50.Rb4 Ne7 51.Bxe7 Rfxe7 52.c6 Rc7 53.Rb6 Kf5 54.Rc3 
Rxc6 55.Rcxc6 bxc6 56.Rxc6 Ra7 0-1